000 nam a22 7a 4500
999 _c29910
_d29910
008 181011b xxu||||| |||| 00| 0 eng d
050 _aQC 995 .T5 1968
100 _aThompson, Philip D.
245 _aLife science library :
_bWeather /
_cPhilip D. Thompson and Robert O'Brien.
260 _aU.S.A. :
_bTime-Life International (Neverland) ,
_c1968.
300 _a200p. :
_bIll. ;
_c28cm.
650 _aScience.
700 _aO'Brien, Robert.
942 _2lcc
_cBOOKS
_hQC 995 .T5 1968